|
|
|
|
| LEADER |
02399nam a22003737a 4500 |
| 001 |
43820 |
| 003 |
BD-DhAAL |
| 005 |
20241203113101.0 |
| 008 |
241203t2024 bg ||||| |||| 00| 0 eng d |
| 040 |
|
|
|a BD-DhAAL
|c BD-DhAAL
|
| 041 |
|
|
|a eng
|a ben
|
| 082 |
|
|
|a 343.5492052
|2 23
|
| 100 |
|
|
|a Rahman, Mohammad Touhidur,
|e author.
|9 57231
|
| 245 |
|
|
|a Income tax manual, as amended up to August 2024 /
|c Mohammad Touhidur Rahman, Muhammad Abu Hanif Meah.
|
| 246 |
|
|
|a আয়কর আইন,
|f ২০২৩
|
| 250 |
|
|
|a Second edition.
|
| 260 |
|
|
|a Dhaka :
|b Lyceum Publishers,
|c 2024.
|
| 300 |
|
|
|a xxiv, 379 pages ;
|c 24 cm
|
| 500 |
|
|
|a With English translation.
|
| 500 |
|
|
|a First edition : 2023
|
| 504 |
|
|
|a Includes bibliographical references.
|
| 541 |
|
|
|a Complimentary copy from Grant Thornton
|e 43820, 43821, 43822, 43823, 43824
|
| 650 |
|
|
|a Income tax
|x Law and legislation
|z Bangladesh.
|9 56591
|
| 650 |
|
|
|a Income tax
|z Bangladesh.
|
| 650 |
|
|
|a Law.
|
| 700 |
|
|
|a Meah, Muhammad Abu Hanif,
|e author.
|9 57232
|
| 852 |
|
|
|a Ayesha Abed Library
|c General Stacks
|
| 942 |
|
|
|2 ddc
|c BK
|
| 999 |
|
|
|c 47171
|d 47171
|
| 952 |
|
|
|0 0
|1 0
|2 ddc
|4 0
|6 343_549205200000000_RAH
|7 0
|9 76990
|a BRACUL
|b BRACUL
|c GEN
|d 2024-12-03
|e Complimentary copy from Grant Thornton
|g 950.00
|l 1
|m 22
|o 343.5492052 RAH
|p 3010043820
|r 2025-12-24
|s 2025-09-22
|t 1
|w 2024-12-03
|y BK
|x Complimentary copy from Grant Thornton
|
| 952 |
|
|
|0 0
|1 0
|2 ddc
|4 0
|6 343_549205200000000_RAH
|7 0
|9 76994
|a BRACUL
|b BRACUL
|c GEN
|d 2024-12-03
|e Complimentary copy from Grant Thornton
|g 950.00
|l 0
|o 343.5492052 RAH
|p 3010043821
|r 2024-12-03
|t 2
|w 2024-12-03
|y BK
|x Complimentary copy from Grant Thornton
|
| 952 |
|
|
|0 0
|1 0
|2 ddc
|4 0
|6 343_549205200000000_RAH
|7 0
|9 76995
|a BRACUL
|b BRACUL
|c GEN
|d 2024-12-03
|e Complimentary copy from Grant Thornton
|g 950.00
|l 1
|m 22
|o 343.5492052 RAH
|p 3010043822
|r 2025-09-23
|s 2025-03-03
|t 3
|w 2024-12-03
|y BK
|x Complimentary copy from Grant Thornton
|
| 952 |
|
|
|0 0
|1 0
|2 ddc
|4 0
|6 343_549205200000000_RAH
|7 0
|9 76996
|a BRACUL
|b BRACUL
|c GEN
|d 2024-12-03
|e Complimentary copy from Grant Thornton
|g 950.00
|l 1
|m 5
|o 343.5492052 RAH
|p 3010043823
|r 2025-11-15
|s 2025-10-05
|t 4
|w 2024-12-03
|y BK
|x Complimentary copy from Grant Thornton
|
| 952 |
|
|
|0 0
|1 0
|2 ddc
|4 0
|6 343_549205200000000_RAH
|7 0
|9 76997
|a BRACUL
|b BRACUL
|c GEN
|d 2024-12-03
|e Complimentary copy from Grant Thornton
|g 950.00
|l 0
|o 343.5492052 RAH
|p 3010043824
|r 2024-12-03
|t 5
|w 2024-12-03
|y BK
|x Complimentary copy from Grant Thornton
|